Statistical desing chemometrics

محفوظ في:
التفاصيل البيبلوغرافية
المؤلفون الرئيسيون: Bruns, R. E (مؤلف), Scarminio, I. S (مؤلف), Barros Neto, B de (مؤلف)
التنسيق: كتاب
اللغة:الإنجليزية
منشور في: Amsterdam Elsevier 2006
الطبعة:1a. ed
سلاسل:Data Handling in Science and Technology, 25
الموضوعات:
الوسوم: إضافة وسم
لا توجد وسوم, كن أول من يضع وسما على هذه التسجيلة!

MARC

LEADER 00000nam a2200000 a 4500
001 UCI1039
003 CL-VaPUC
008 070615e20060000NE |||||||||||||||||eng|d
020 |a 9780444521811 
082 0 4 |a 543.072  |b BRU  |2 21 
100 0 |a Bruns, R. E  |e author  |9 521320 
700 0 |a Scarminio, I. S  |e author  |9 521321 
700 0 |a Barros Neto, B de  |e author  |9 521322 
245 1 0 |a Statistical desing chemometrics 
250 |a 1a. ed 
300 |a 412 p 
942 |c BK 
945 |d 20070615 00:00:00  |a jtorresc 
260 |a Amsterdam  |b Elsevier  |c 2006 
650 0 |a Química analítica  |9 259648 
650 0 |a Instrumentación  |9 435399 
650 0 |a Métodos estadísticos   |9 259407 
650 0 |a Diseño experimental   |9 259977 
583 |a last modification  |c 20070615 00:00:00  |k Rodrigo Vera 
490 0 |a Data Handling in Science and Technology, 25 
999 |c 325957  |d 325955 
952 |0 0  |1 0  |4 0  |6 543_072000000000000_BRU_2006  |7 0  |8 A  |9 407505  |a BIBCUR  |b BIBCUR  |d 2019-11-22  |i 4348532  |l 1  |o 543.072 BRU 2006  |p 4348532  |r 2025-04-22  |s 2022-05-17  |w 2019-11-22  |y BK  |k QUI